000 01313nam a22002177a 4500
999 _c57124
_d57124
003 Ge_BSU
005 20191122113214.0
008 191122s2018 ge ||||| |||| 00| 0 geo d
020 _a9789941417092
041 _ageo
080 _a008(-11)+81 ო-57
245 _aორიენტალისტური ძიებანი :
_bკრებული /
_cრედ : გურამ ჩიქოვანი ; ნომადი ბართაია.
264 _aქუთაისი :
_bაკაკი წერეთლის სახელმწ. უნ-ტის გამ-ბა,
_c2018.
300 _a352 გვ. :
_b ილ. ;
_c24 სმ.
520 _aრეზიუმე და 1 სტატია ინგლ. ენაზე
653 _aენათმეცნიერება
700 _a ჩიქოვანი, გურამ
_eრედაქტორი
_95516
700 _aბართაია, ნომადი
_eრედაქტორი
_92416
710 _e აკაკი წერეთლის სახელმწ. უნ-ტი ჰუმანიტარულ მეცნიერებათა ფაკ-ტი აღმოსავლური ფილოლოგიის დეპარტამენტი
_95517
942 _2udc
_cBK